000 00502nam a2200181Ia 4500
008 151018s9999 xx 000 0 und d
082 _bRBASDV11838
_a920
100 _aम द जोशी
245 _aअवधूत गंगा
250 _b1
260 _bमोंडकर अ.जा.
_c1963
300 _a65
600 _aम द जोशी
630 _aअवधूत गंगा
700 _aम द जोशी
730 _aअवधूत गंगा
942 _cBOOK
999 _c1014180
_d1014177